Ťažká röntgenová diagnóza impakcie horného špiciaka

Bibliographic Details
Main Author: Schwarzkopf, H. (Author)
Format: Article
Language:Slovak

MARC

LEADER 00000nab a2200000ua 4500
001 vtls010830248
003 SK-MaSNL
005 20260303145008.0
008 230222s1942 xo |||||||||||||||||slo|
035 |a (urnnbn)urn:nbn:sk:snk:ar-a06gt6 
035 |a urn:nbn:sk:snk-ab5vf0 
035 |a (uuid)184127ae-2835-4be8-b017-adee3132caca 
040 |a SNKBUCL  |b slo  |c SNKBUCL  |e AACR2 
041 0 |a slo 
044 |a xo  |c SK 
100 1 |a Schwarzkopf, H.  |4 aut  |9 1165470 
245 1 0 |a Ťažká röntgenová diagnóza impakcie horného špiciaka  |c H. Schwarzkopf 
773 0 |t Zubný technik : orgán Grémia zubných technikov na Slovensku  |g Roč. 1, č. 2 (1942), s. 10-11 
954 |a odborná, vedecká literatúra pôvodná (slovenská)  |2 lita 
958 |a OND 
958 |a EUIPO 
958 |a article5 
999 |c 2000004  |d 2001934